| 000 | 00871nam a22002057a 4500 | ||
|---|---|---|---|
| 005 | 20150408114138.0 | ||
| 008 | 130820s 2011ksaa | |||| 00| 0 ara d | ||
| 040 | _ama-un | ||
| 082 |
_221 _a510 _bس ع ر |
||
| 245 |
_aرياضيات الألمبياد نظرية الأعداد : _bالجزء الأول / _cمعروف عبدالرحمن سمحان ، دورين أندريكا ، فوزي أحمد الذكير |
||
| 260 |
_aالرياض : _bدار الخريجي ؛ _c2011 |
||
| 300 |
_a400 ص : _bايض ؛ _c24 سم |
||
| 100 |
_aسمحان ، معرف عبدالرحمن _936674 |
||
| 650 |
_91818 _aالأعداد (نظرية) |
||
| 650 |
_917478 _aالأعداد الجبرية |
||
| 650 |
_91837 _aالمعادلات الرياضية |
||
| 700 |
_aأندريكا ، دورين _936675 |
||
| 700 |
_aالذكير ، فوزي أحمد _936676 |
||
| 942 |
_2ddc _cBOOK |
||
| 999 |
_c30563 _d265063 |
||